[Event "Bratislava Slovan op"]
[Site "Bratislava"]
[Date "2004.05.04"]
[Round "5"]
[White "Puchala, Pavol"]
[Black "Soltes, Milan"]
[Result "1/2-1/2"]
[WhiteElo "1881"]
[BlackElo "1652"]
[PlyCount "79"]
[EventDate "2004.05.??"]
[EventType "swiss"]
[EventRounds "9"]
[EventCountry "SVK"]
[SourceTitle "EXT 2005"]
[Source "ChessBase"]
[SourceDate "2004.11.15"]
[SourceVersion "1"]
[SourceVersionDate "2004.11.15"]
[SourceQuality "1"]

1. d4 d5 2. c4 c6 3. cxd5 cxd5 4. Nc3 Bf5 5. Qb3 Nc6 6. Nf3 e6 7. Qxb7 Rc8 8. e3 Nge7 9. Bb5 f6 10. Qxa7 Kf7 11. Qa4 Ra8 12. Qb3 Qa5 13. Nh4 Be4 14. 0-0 g5 15. Nf3 Bxf3 16. gxf3 Qc7 17. Bd2 Nf5 18. Nxd5 Qd6 19. Bxc6 Qxc6 20. Nc3 Qxf3 21. Qd1 Qh3 22. f3 Bd6 23. Qe2 Nh4 24. Kh1 f5 25. Be1 f4 26. Bxh4 gxh4 27. e4 Rab8 28. e5 Bb4 29. Ne4 Rhg8 30. Rg1 Rg3 31. Nxg3 hxg3 32. Qg2 Qh4 33. h3 Bd2 34. Rab1 Rc8 35. Rge1 Bxe1 36. Rxe1 Qg5 37. Qe2 Qf5 38. Qf1 g2+ 39. Qxg2 Rg8 40. Qf1 1/2-1/2

[Event "Bratislava Slovan op"]
[Site "Bratislava"]
[Date "2004.05.02"]
[Round "2"]
[White "Peitl, Tomas"]
[Black "Puchala, Pavol"]
[Result "0-1"]
[WhiteElo "1505"]
[BlackElo "1881"]
[PlyCount "56"]
[EventDate "2004.05.??"]
[EventType "swiss"]
[EventRounds "9"]
[EventCountry "SVK"]
[SourceTitle "EXT 2005"]
[Source "ChessBase"]
[SourceDate "2004.11.15"]
[SourceVersion "1"]
[SourceVersionDate "2004.11.15"]
[SourceQuality "1"]

1. e4 c5 2. Nf3 d6 3. d4 cxd4 4. Nxd4 Nf6 5. Nc3 a6 6. Bc4 e6 7. 0-0 Be7 8. Be3 Qc7 9. Bb3 0-0 10. f4 Nc6 11. Rf3 Nxd4 12. Bxd4 e5 13. Be3 Bg4 14. fxe5 dxe5 15. h3 Bxf3 16. Qxf3 Bc5 17. Rf1 Bxe3+ 18. Qxe3 Rac8 19. Qg5 Qe7 20. Nd5 Nxd5 21. Qf5 Qc5+ 22. Rf2 Ne3 23. Qf3 Qd4 24. Bxf7+ Kh8 25. Qh5 Nd1 26. Bg6 Qxf2+ 27. Kh2 Qf4+ 28. Kg1 Qh6 0-1